Ethnicity, citizenship and belonging : (Registro nro. 238817)

Detalles MARC
000 -LEADER
fixed length control field 03960nam a2200577Ii 4500
001 - CONTROL NUMBER
control field DIGIBE0032
003 - CONTROL NUMBER IDENTIFIER
control field NyNyDIG
008 - FIXED-LENGTH DATA ELEMENTS--GENERAL INFORMATION
fixed length control field 140701s2011 sp a ob 100 0 spa d
006 - FIXED-LENGTH DATA ELEMENTS--ADDITIONAL MATERIAL CHARACTERISTICS
fixed length control field m o d
007 - PHYSICAL DESCRIPTION FIXED FIELD--GENERAL INFORMATION
fixed length control field cr |||||||||||
020 ## - INTERNATIONAL STANDARD BOOK NUMBER
International Standard Book Number 9783954871124
Qualifying information (eBook)
020 ## - INTERNATIONAL STANDARD BOOK NUMBER
Canceled/invalid ISBN 9788484896050
Qualifying information (Iberoamericana)
020 ## - INTERNATIONAL STANDARD BOOK NUMBER
Canceled/invalid ISBN 8484896056
Qualifying information (Iberoamericana)
020 ## - INTERNATIONAL STANDARD BOOK NUMBER
Canceled/invalid ISBN 9783865276582
Qualifying information (Vervuert)
020 ## - INTERNATIONAL STANDARD BOOK NUMBER
Canceled/invalid ISBN 386527658X
Qualifying information (Vervuert)
035 ## - SYSTEM CONTROL NUMBER
System control number (OCoLC)891305864
041 0# - LANGUAGE CODE
Language code of text/sound track or separate title spa
-- eng
043 ## - GEOGRAPHIC AREA CODE
Geographic area code cl-----
040 ## - CATALOGING SOURCE
Original cataloging agency DGITA
Language of cataloging eng
Description conventions rda
-- pn
Transcribing agency DGITA
050 14 - LIBRARY OF CONGRESS CALL NUMBER
Classification number GN562 eBook
111 2# - MAIN ENTRY--MEETING NAME
Meeting name or jurisdiction name as entry element International Symposium: Ethnicity, Citizenship and Belonging in Latin America
Number of part/section/meeting (1st :
Date of meeting or treaty signing 2010 :
Location of meeting Interdisciplinary Latin America Center)
245 10 - TITLE STATEMENT
Title Ethnicity, citizenship and belonging :
Remainder of title practices, theory and spatial dimensions = Etnicidad, ciudadanía y pertenencia : prácticas, teoría y dimensiones espaciales /
Statement of responsibility, etc. Sarah Albiez, Nelly Castro, Lara Jüssen, Eva Youkhana, (eds.).
246 31 - VARYING FORM OF TITLE
Title proper/short title Etnicidad, ciudadanía y pertenencia
264 #1 - PRODUCTION, PUBLICATION, DISTRIBUTION, MANUFACTURE, AND COPYRIGHT NOTICE
Place of production, publication, distribution, manufacture Madrid :
Name of producer, publisher, distributor, manufacturer Iberoamericana ;
Place of production, publication, distribution, manufacture Frankfurt am Main :
Name of producer, publisher, distributor, manufacturer Vervuert,
Date of production, publication, distribution, manufacture, or copyright notice 2011.
300 ## - PHYSICAL DESCRIPTION
Extent 1 online resource (310 pages) :
Other physical details illustrations.
336 ## - CONTENT TYPE
Content type term text
Content type code txt
Source rdacontent
337 ## - MEDIA TYPE
Media type term computer
Media type code c
Source rdamedia
338 ## - CARRIER TYPE
Carrier type term online resource
Carrier type code cr
Source rdacarrier
490 1# - SERIES STATEMENT
Series statement Ethnicity, citizenship and belonging in Latin America ;
Volume/sequential designation 1
504 ## - BIBLIOGRAPHY, ETC. NOTE
Bibliography, etc. note Includes bibliographical references.
505 0# - FORMATTED CONTENTS NOTE
Formatted contents note La construcción de diferencia en la zona de contacto : interrogantes al respecto de la etnicidad / Karoline Noack -- Shifting boundaries, emerging communities : thnicity and ethnogenesis on Nicaragua's Atlantic coast / Wolfgang Gabbert -- Guerra, formación del Estado e imaginario nacional en el Perú / Cecilia Méndez G. y Carla Granados Moya -- Derechos humanos y ciudadanías indígenas en América Latina / Rodolfo Stavenhagen -- Propuestas mayanistas e ideologías étnicas en Guatemala / Santiago Bastos -- Ciudadanía étnica : el caso de los mayas de Quintana Roo / Manuel Buenrostro Alba -- Autochthony, citizenship and exclusion : new patterns in the politics of belonging in Africa and Europe / Peter Geschiere -- From 'identity' to 'belonging' in social research : plurality, social boundaries, and the politics of the self / Joanna Pfaff-Czarnecka -- Nostalgia, food and belonging : Ecuadorians in New York City / Maria Amelia Viteri -- Contested practices of belonging : social mobility, spatial identity and the Día de los Muertos en Mexico / Eveline Dürr -- Video, migration and the dynamics of belonging between Mexico and the USA / Ingrid Kummels -- Local responses to transnational migration : citizenship, belonging and the case of Latin American migrants in Madrid / Lara Jüssen and Eva Youkhana.
586 ## - AWARDS NOTE
Awards note Texts in Spanish or English.
588 0# - SOURCE OF DESCRIPTION NOTE
Source of description note Online resource; title from ePub and PDF title page (Digitalia, viewed July 5, 2014)
650 #0 - SUBJECT ADDED ENTRY--TOPICAL TERM
Topical term or geographic name entry element Ethnicity
Geographic subdivision Latin America
Form subdivision Congresses.
650 #0 - SUBJECT ADDED ENTRY--TOPICAL TERM
Topical term or geographic name entry element Belonging (Social psychology)
Geographic subdivision Latin America
Form subdivision Congresses.
650 #0 - SUBJECT ADDED ENTRY--TOPICAL TERM
Topical term or geographic name entry element Citizenship
Geographic subdivision Latin America
Form subdivision Congresses.
650 #0 - SUBJECT ADDED ENTRY--TOPICAL TERM
Topical term or geographic name entry element Social integration
Geographic subdivision Latin America
Form subdivision Congresses.
650 #0 - SUBJECT ADDED ENTRY--TOPICAL TERM
Topical term or geographic name entry element Differentiation (Sociology)
Form subdivision Congresses.
655 #0 - INDEX TERM--GENRE/FORM
Genre/form data or focus term Electronic books.
700 1# - ADDED ENTRY--PERSONAL NAME
Personal name Albiez, Sarah,
Relator term editor.
700 1# - ADDED ENTRY--PERSONAL NAME
Personal name Castro, Nelly,
Relator term editor.
700 1# - ADDED ENTRY--PERSONAL NAME
Personal name Jüssen, Lara,
Relator term editor.
700 1# - ADDED ENTRY--PERSONAL NAME
Personal name Youkhana, Eva,
Relator term editor.
791 2# -
-- Digitalia (Firm),
-- distributor.
793 0# -
-- Digitalia eBook Collection:
-- Iberoamericana/Vervuert.
776 08 - ADDITIONAL PHYSICAL FORM ENTRY
Relationship information Print version:
Title Ethnicity, citizenship and belonging : practices, theory and spatial dimensions.
Place, publisher, and date of publication Madrid : Iberoamericana ; Frankfurt am Main : Vervuert, 2011
International Standard Book Number 9788484896050
Record control number (OCoLC)756578945
830 #0 - SERIES ADDED ENTRY--UNIFORM TITLE
Uniform title Ethnicity, citizenship and belonging in Latin America ;
Volume/sequential designation 1.
856 40 - ELECTRONIC LOCATION AND ACCESS
Materials specified Digitalia Hispánica
Uniform Resource Identifier <a href="https://www.digitaliapublishing.com/a/27680/">https://www.digitaliapublishing.com/a/27680/</a>
910 ## - USER-OPTION DATA (OCLC)
User-option data Premium Collection: 2013
942 ## - ADDED ENTRY ELEMENTS (KOHA)
Koha item type Recurso Electrónico
Existencias
Withdrawn status Lost status Damaged status Not for loan Collection Home library Current library Date acquired Total checkouts Date last seen Price effective from Koha item type
        Digitalia Ebooks Hispanica Biblioteca Digital UIN Biblioteca Digital UIN 04/25/2025   04/25/2025 04/25/2025 Recurso Electrónico

CONTACTO


NOSOTROS


SITIOS DE INTERES

coordinacion.biblioteca.biblioteca@unienlinea.mx Misión, Visión y Objetivos Bases de datos
Directorio Bibliotecas Digitales y Repositorios
Normatividad Revistas y artículos
Convenios interbibliotecarios
Boletines



Hecho en México. Universidad Insurgentes (UIN). Todos los derechos reservados 2024. Esta página y sus contenidos pueden ser reproducidos con fines no lucrativos, siempre y cuando no se mutile, se cite la fuente completa y su dirección electrónicas. De otra forma requiere permiso previo por escrito de la institución




2024 Copyright Universidad Insurgentes | www.bibliouin.com.mx